Formules chimiques brutes - Facile - Statistiques

Statistiques générales
  • Ce quiz a été pris 54 fois
  • Le résultat moyen est 9 sur 15
Statistiques - réponses
Hint Réponse % Correct
H2O Eau
94%
CO2 Dioxyde de carbone
92%
O2 Dioxygène
92%
N2 Diazote
86%
H2 Dihydrogène
86%
NaCl Chlorure de sodium
84%
CH4 Méthane
69%
CO Monoxyde de carbone
63%
O3 Ozone
55%
NO Monoxyde d'azote
43%
C2H6 Ethane
39%
NaOH Soude
39%
C2H5OH Ethanol
33%
ClH Acide chlorhydrique
29%
CH2OH Méthanol
29%
Aucun quiz correspondant
Distribution des résultats
% des personnes avec chaque résultat
Percentile par nombre de réponses
Votre historique - résultats
Vous n’avez pas pris ce quiz